如何激发潜能 (Record no. 34573)

000 -LEADER
fixed length control field 00517nam a22001937a 4500
003 - CONTROL NUMBER IDENTIFIER
control field MPLRDC
005 - DATE AND TIME OF LATEST TRANSACTION
control field 20220104142904.0
008 - FIXED-LENGTH DATA ELEMENTS--GENERAL INFORMATION
fixed length control field 210129b ||||| |||| 00| 0 eng d
020 ## - INTERNATIONAL STANDARD BOOK NUMBER
International Standard Book Number 957-32-2122-5
082 ## - DEWEY DECIMAL CLASSIFICATION NUMBER
Classification number 177 OTT
100 ## - MAIN ENTRY--PERSONAL NAME
Personal name HERBERT A. OTTO博士
245 ## - TITLE STATEMENT
Title 如何激发潜能
Statement of responsibility, etc. 刘君业译
250 ## - EDITION STATEMENT
Edition statement 初版一刷
260 ## - PUBLICATION, DISTRIBUTION, ETC.
Place of publication, distribution, etc. 台湾
Name of publisher, distributor, etc. 远流出版事业股份有限公司
Date of publication, distribution, etc. 1994
300 ## - PHYSICAL DESCRIPTION
Other physical details 198
490 ## - SERIES STATEMENT
Series statement 大众心理学丛书. 87
650 ## - SUBJECT ADDED ENTRY--TOPICAL TERM
Topical term or geographic name entry element 应用心理学
942 ## - ADDED ENTRY ELEMENTS (KOHA)
Koha item type Book
-- 177 OTT
Holdings
Withdrawn status Lost status Source of classification or shelving scheme Damaged status Not for loan Collection code Home library Current library Shelving location Date acquired Cost, normal purchase price Total Checkouts Full call number Barcode Date last seen Date last checked out Price effective from Koha item type Public note
            Malaysian Public Library, Research and Development Centre Malaysian Public Library, Research and Development Centre   10/12/2007 22.90   177 OTT 00034680 18/03/2021 29/03/2015 18/03/2021 Book mplrdc

© 2022. Malaysian Public Library, Research and Development Centre. All Right ReservedE-mailmplrdc@help.edu.my 

Powered by Koha